Catálogo
 En Linea

Lettere ai sovrani di Spagna / (Registro nro. 18564)

Detalles MARC
000 -CABECERA
campo de control de longitud fija 01869cam a22004094a 4500
001 - NÚMERO DE CONTROL
campo de control 000019046
005 - FECHA Y HORA DE LA ÚLTIMA TRANSACCIÓN
campo de control 20200929165917.0
008 - DATOS DE LONGITUD FIJA--INFORMACIÓN GENERAL
campo de control de longitud fija 020916m20012002it a b f001 0aita
010 ## - NÚMERO DE CONTROL DE LA BIBLIOTECA DEL CONGRESO
Número de control de LC 2003394147
020 ## - NÚMERO INTERNACIONAL ESTÁNDAR DEL LIBRO
Número Internacional Estándar del Libro 8871252012
035 ## - NÚMERO DE CONTROL DEL SISTEMA
Número de control de sistema (OCoLC)ocm50613103
040 ## - FUENTE DE LA CATALOGACIÓN
Centro catalogador/agencia de origen DO-SdBNP
Centro/agencia transcriptor DLC
Centro/agencia modificador DLC
041 0# - CÓDIGO DE LENGUA
Código de lengua del texto/banda sonora o título independiente itafrespa
042 ## - CÓDIGO DE AUTENTICACIÓN
Código de autenticación pcc
043 ## - CÓDIGO DE ÁREA GEOGRÁFICA
Código de área geográfica e-it---
-- e-sp---
045 ## - PERIODO DE TIEMPO DEL CONTENIDO
Código de periodo de tiempo v0w1
050 00 - SIGNATURA TOPOGRÁFICA DE LA BIBLIOTECA DEL CONGRESO
Número de clasificación DP199
Número de documento/Ítem .C48 2001
082 00 - NÚMERO DE LA CLASIFICACIÓN DECIMAL DEWEY
Número de clasificación 945/7307/092
Número de edición 22
100 0# - ENTRADA PRINCIPAL--NOMBRE DE PERSONA
Nombre de persona Charles
Numeración III,
Títulos y otros términos asociados al nombre King of Spain,
Fechas asociadas al nombre 1716-1788.
9 (RLIN) 40973
245 10 - MENCIÓN DE TÍTULO
Título Lettere ai sovrani di Spagna /
Mención de responsabilidad, etc. Carlo di Borbone ; a cura di Imma Ascione.
260 ## - PUBLICACIÓN, DISTRIBUCIÓN, ETC.
Lugar de publicación, distribución, etc. Roma :
Nombre del editor, distribuidor, etc. Ministero per i beni e le attivita culturali, Direzione generale per gli archivi,
Fecha de publicación, distribución, etc. 2001-2002.
300 ## - DESCRIPCIÓN FÍSICA
Extensión 3 v. :
Otras características físicas ill. (some col.) ;
Dimensiones 25 cm.
490 1# - MENCIÓN DE SERIE
Mención de serie Pubblicazioni degli archivi di Stato.
-- Fonti ;
Designación de volumen o secuencia 34, 37, 40
546 ## - NOTA DE LENGUA/LENGUAJE
Nota de lengua/lenguaje Italian, French, and Spanish.
500 ## - NOTA GENERAL
Nota general "Il volume e pubblicato in coedizione con la Societa napoletana di storia patria. La ricera e stata realizzata dall'Universita 'Federico II' di Napoli con il contributo finanziario della Direzione generale per gli archivi"--P. opp. t.p.
504 ## - NOTA DE BIBLIOGRAFÍA, ETC.
Nota de bibliografía, etc. Includes bibliographical references and indexes.
505 1# - NOTA DE CONTENIDO CON FORMATO
Nota de contenido con formato 1. 1720-1734 -- 2. 1735-1739 -- 3. 1740-1744.
600 00 - PUNTO DE ACCESO ADICIONAL DE MATERIA--NOMBRE DE PERSONA
Nombre de persona Charles
Numeración III,
Títulos y otros términos asociados al nombre King of Spain,
Fechas asociadas al nombre 1716-1788
Subdivisión de forma Correspondence.
9 (RLIN) 40974
651 #0 - PUNTO DE ACCESO ADICIONAL DE MATERIA--NOMBRE GEOGRÁFICO
Nombre geográfico Spain
Subdivisión general Kings And Rulers
Subdivisión de forma Correspondence.
9 (RLIN) 40975
651 #0 - PUNTO DE ACCESO ADICIONAL DE MATERIA--NOMBRE GEOGRÁFICO
Nombre geográfico Naples (Kingdom{Rpara}
Subdivisión general Kings And Rulers
Subdivisión de forma Correspondence.
9 (RLIN) 40976
651 #0 - PUNTO DE ACCESO ADICIONAL DE MATERIA--NOMBRE GEOGRÁFICO
Nombre geográfico Spain
Subdivisión general History
Subdivisión cronológica Philip V, 1700-1746
Subdivisión de forma Sources.
9 (RLIN) 40977
651 #0 - PUNTO DE ACCESO ADICIONAL DE MATERIA--NOMBRE GEOGRÁFICO
Nombre geográfico Naples (Kingdom{Rpara}
Subdivisión general History
Subdivisión cronológica 1735-1816
Subdivisión de forma Sources.
9 (RLIN) 40978
700 1# - PUNTO DE ACCESO ADICIONAL--NOMBRE DE PERSONA
Nombre de persona Ascione, Imma.
9 (RLIN) 40979
710 2# - PUNTO DE ACCESO ADICIONAL--NOMBRE DE ENTIDAD CORPORATIVA
Nombre de entidad corporativa o nombre de jurisdicción como elemento de entrada Universita di Napoli.
9 (RLIN) 40980
830 #0 - PUNTO DE ACCESO ADICIONAL DE SERIE-TÍTULO UNIFORME
Título uniforme Pubblicazioni degli archivi di Stato (Unnumbered).
Nombre de parte o sección de la obra Fonti ;
Designación de volumen o secuencia 34, 37, 40.
9 (RLIN) 40981
910 ## - DATOS DE OPCIÓN DEL USUARIO (OCLC)
Datos de opción del usuario Catalogación derivada / LC
Existencias
Estado de retiro Estado de pérdida Restricciones de uso No para préstamo Código de colección Localización permanente Ubicación/localización actual Ubicación en estantería Fecha de adquisición Número de inventario Total de préstamos Signatura topográfica completa Código de barras Fecha visto por última vez Precio válido a partir de Tipo de ítem Koha
      Excluido de préstamo Monografías: Libros y Folletos General General Depósito 24.05.2010 LF1   945/7307/092 19046-10 25.06.2020 25.06.2020 No se presta

Con tecnología Koha